| 000 | 00353nam a2200133Ia 4500 | ||
|---|---|---|---|
| 008 | 240624s9999 xx 000 0 und d | ||
| 041 | _aeng | ||
| 082 | _a650.1 SEI | ||
| 100 | _aSEIDMAN DOV | ||
| 245 | _aHOW WHY HOW WE DO ANYTHING MEANS EVERYTH | ||
| 260 |
_c2007 _aNew Delhi _bJohn Wiley and Sons |
||
| 300 | _axxxvii, 344 p.; 23 cm. | ||
| 365 |
_c _b28 |
||
| 999 |
_c29804 _d29804 |
||